[Event "Copenhagen Chess Challenge 2016"]
[Site "Ballerup"]
[Date "2016.04.20"]
[Round "1"]
[White "Christensen, Allan Toftegaard"]
[Black "Jorgensen, Dennis"]
[Result "1/2-1/2"]
[WhiteElo "1711"]
[BlackElo "2201"]
[PlyCount "48"]
[EventDate "2016.04.20"]
[EventType "swiss"]
[EventRounds "9"]
[EventCountry "DEN"]

1. d4 Nf6 2. Nf3 e6 3. Bg5 c5 4. Nc3 Be7 5. e3 b6 6. dxc5 bxc5 7. Bb5 Qb6 8.
Ne5 O-O 9. Nc4 Qb7 10. O-O d5 11. Bxf6 Bxf6 12. Nd6 Qb6 13. Nxc8 Rxc8 14. Rb1
c4 15. Qf3 a6 16. Nxd5 exd5 17. Qxd5 Ra7 18. Bxc4 Rd7 19. Qe4 Rcd8 20. Bd3 g6
21. b4 Nc6 22. a4 Ne5 23. a5 Qa7 24. Be2 Rd2 1/2-1/2

[Event "Copenhagen Chess Challenge 2016"]
[Site "Ballerup"]
[Date "2016.04.20"]
[Round "1"]
[White "Eriksson, Christian Altenburg"]
[Black "Kallenbach, Uffe"]
[Result "1-0"]
[WhiteElo "2195"]
[BlackElo "1694"]
[PlyCount "91"]
[EventDate "2016.04.20"]
[EventType "swiss"]
[EventRounds "9"]
[EventCountry "DEN"]

1. e4 c5 2. c3 Nf6 3. e5 Nd5 4. Nf3 e6 5. d4 cxd4 6. cxd4 Be7 7. Bc4 Nb6 8. Bd3
Nc6 9. Nc3 d6 10. Qe2 dxe5 11. dxe5 f6 12. O-O fxe5 13. Rd1 Bd7 14. Nxe5 Nxe5
15. Qxe5 Bf6 16. Qh5+ Ke7 17. Qc5+ Kf7 18. Ne4 Be7 19. Ng5+ Kg8 20. Qe5 Bf6 21.
Qg3 Qe7 22. Ne4 Nd5 23. Nxf6+ Qxf6 24. Bg5 Qf7 25. Rac1 Bc6 26. Be4 h6 27. Bd2
Ne7 28. f3 Nf5 29. Qe5 Ne7 30. Be1 Nd5 31. Bf2 a6 32. Re1 Rc8 33. Bd4 Nf6 34.
Bxc6 bxc6 35. Qxe6 Re8 36. Qxf7+ Kxf7 37. Rxe8 Rxe8 38. Rxc6 Re6 39. Rxe6 Kxe6
40. Kf2 Ne8 41. g4 g6 42. f4 Nd6 43. Ke3 Kd5 44. Kd3 h5 45. h3 hxg4 46. hxg4
1-0

[Event "Copenhagen Chess Challenge 2016"]
[Site "Ballerup"]
[Date "2016.04.20"]
[Round "1"]
[White "Hentley, Darryl"]
[Black "Andersen, Lars Ren"]
[Result "0-1"]
[WhiteElo "1666"]
[BlackElo "2194"]
[PlyCount "98"]
[EventDate "2016.04.20"]
[EventType "swiss"]
[EventRounds "9"]
[EventCountry "DEN"]

1. e4 c5 2. b3 Nc6 3. f4 d5 4. exd5 Qxd5 5. Qf3 Nf6 6. Nc3 Qd6 7. Bb5 Bd7 8.
Nge2 a6 9. Ne4 Nxe4 10. Bxc6 Bxc6 11. Qe3 e6 12. Bb2 Be7 13. d3 Nf6 14. Be5 Qd5
15. Rg1 O-O 16. h3 b5 17. Ng3 c4 18. d4 cxb3 19. axb3 Bb4+ 20. Kf2 Ne4+ 21.
Nxe4 Qxe4 22. Rac1 Qxe3+ 23. Kxe3 Bc3 24. Bd6 Rfd8 25. Bc5 b4 26. g3 f6 27. Ra1
Bxa1 28. Rxa1 a5 29. Bb6 Rdb8 30. Bc7 Rb7 31. Bd6 Kf7 32. Kd3 Bd5 33. Bc5 h5
34. h4 Kg6 35. Re1 Kf5 36. Ke3 Rc8 37. Re2 Rb5 38. Kd3 Rbxc5 39. dxc5 Rxc5 40.
Kd4 Rc3 41. g4+ hxg4 42. h5 Rc7 43. Ke3 g3 44. Re1 g2 45. Kf2 Kxf4 46. h6 Rxc2+
47. Kg1 gxh6 48. Ra1 Bxb3 49. Rxa5 Bd5 0-1

[Event "Copenhagen Chess Challenge 2016"]
[Site "Ballerup"]
[Date "2016.04.20"]
[Round "1"]
[White "Rendboe, John Filip"]
[Black "Sundin, Sven-Ingvar"]
[Result "1-0"]
[WhiteElo "2179"]
[BlackElo "1633"]
[PlyCount "35"]
[EventDate "2016.04.20"]
[EventType "swiss"]
[EventRounds "9"]
[EventCountry "DEN"]

1. d4 d5 2. c4 c6 3. Nc3 Nf6 4. cxd5 cxd5 5. Nf3 Bf5 6. Qb3 b6 7. Bf4 e6 8. e3
a6 9. Bxb8 Qxb8 10. Bxa6 Be7 11. Bb5+ Nd7 12. Ne5 Ra7 13. Nxd7 Rxd7 14. Bxd7+
Kxd7 15. Nxd5 Rd8 16. Nxb6+ Ke8 17. Qb5+ Kf8 18. Nd7+ 1-0

[Event "Copenhagen Chess Challenge 2016"]
[Site "Ballerup"]
[Date "2016.04.21"]
[Round "2"]
[White "Demuth, Adrien"]
[Black "Boe, Mads"]
[Result "1/2-1/2"]
[WhiteElo "2550"]
[BlackElo "2303"]
[PlyCount "71"]
[EventDate "2016.04.20"]
[EventType "swiss"]
[EventRounds "9"]
[EventCountry "DEN"]

1. Nf3 e6 2. c4 f5 3. g3 Nf6 4. Bg2 Be7 5. O-O O-O 6. d4 d6 7. Nc3 Qe8 8. Re1
Qh5 9. e4 fxe4 10. Nxe4 Nc6 11. Bf4 Nxe4 12. Rxe4 Bf6 13. d5 exd5 14. Qxd5+
Qxd5 15. cxd5 Ne7 16. Rd1 Ng6 17. Bc1 Bd7 18. Nd4 Rfe8 19. Ne6 Nf8 20. Nxf8
Kxf8 21. Be3 Rxe4 22. Bxe4 g6 23. Rc1 Rc8 24. b3 a6 25. Kg2 Kf7 26. h4 c5 27.
dxc6 bxc6 28. b4 d5 29. Bd3 Ra8 30. a4 Be7 31. Bc5 Bxc5 32. bxc5 Rb8 33. a5 Rb3
34. Bxa6 Ra3 35. Be2 Rxa5 36. g4 1/2-1/2

[Event "Copenhagen Chess Challenge 2016"]
[Site "Ballerup"]
[Date "2016.04.21"]
[Round "2"]
[White "Sylvan, Jacob"]
[Black "Andersen, Mads"]
[Result "1/2-1/2"]
[WhiteElo "2327"]
[BlackElo "2504"]
[PlyCount "91"]
[EventDate "2016.04.20"]
[EventType "swiss"]
[EventRounds "9"]
[EventCountry "DEN"]

1. e4 e6 2. d4 d5 3. Nc3 Nf6 4. e5 Nfd7 5. f4 c5 6. Nf3 Be7 7. Be3 O-O 8. Qd2
b6 9. Nd1 a5 10. c3 a4 11. a3 Ba6 12. Bxa6 Nxa6 13. O-O Nc7 14. Qd3 f6 15. exf6
Nxf6 16. Nf2 Qd7 17. Rae1 Bd6 18. Bc1 Rae8 19. Ne5 Qb5 20. Qh3 Bxe5 21. dxe5
Nd7 22. Ng4 Rf7 23. Ne3 Qd3 24. Rf3 Ref8 25. Qh4 Qb1 26. f5 Nxe5 27. Rh3 h6 28.
fxe6 Nxe6 29. Nxd5 Ng6 30. Qc4 b5 31. Qe2 Qf5 32. Rh5 Nef4 33. Bxf4 Nxf4 34.
Nxf4 Qxf4 35. Re5 Qf2+ 36. Qxf2 Rxf2 37. R5e2 Rxe2 38. Rxe2 Rf5 39. c4 bxc4 40.
Re4 Rd5 41. Rxc4 Rd1+ 42. Kf2 Rd2+ 43. Kf1 Rxb2 44. Rxa4 Ra2 45. Rc4 Rxa3 46.
Rxc5 1/2-1/2

[Event "Copenhagen Chess Challenge 2016"]
[Site "Ballerup"]
[Date "2016.04.21"]
[Round "2"]
[White "Hector, Jonny"]
[Black "Tsiolakidis, Anastasios"]
[Result "1-0"]
[WhiteElo "2493"]
[BlackElo "2288"]
[PlyCount "64"]
[EventDate "2016.04.20"]
[EventType "swiss"]
[EventRounds "9"]
[EventCountry "DEN"]

1. e4 c5 2. Be2 Nc6 3. f4 d5 4. d3 Nf6 5. e5 Nd7 6. Nf3 e6 7. c4 d4 8. O-O Be7
9. Qe1 a6 10. Nbd2 b5 11. Ne4 bxc4 12. dxc4 Nb6 13. b3 Bb7 14. Bd3 Qc7 15. Bd2
a5 16. Qg3 g6 17. Rae1 O-O-O 18. a3 h6 19. Rb1 Rdg8 20. Rfc1 g5 21. fxg5 hxg5
22. Nd6+ Bxd6 23. exd6 Qd8 24. Be4 Nd7 25. Bxc6 Bxc6 26. Ne5 Nxe5 27. Qxe5 Qb6
28. b4 axb4 29. axb4 Bb7 30. bxc5 Qc6 31. Rxb7 Qxb7 32. Qxd4 Kd7 1-0

[Event "Copenhagen Chess Challenge 2016"]
[Site "Ballerup"]
[Date "2016.04.21"]
[Round "2"]
[White "Nilssen, John Arni"]
[Black "Danielsen, Henrik"]
[Result "1/2-1/2"]
[WhiteElo "2300"]
[BlackElo "2480"]
[PlyCount "100"]
[EventDate "2016.04.20"]
[EventType "swiss"]
[EventRounds "9"]
[EventCountry "DEN"]

1. c4 e5 2. Nc3 d6 3. g3 f5 4. Bg2 Nf6 5. d3 Be7 6. e3 a5 7. Nge2 c6 8. a3 O-O
9. O-O Be6 10. b3 Nbd7 11. f4 Qc7 12. d4 e4 13. h3 d5 14. cxd5 Nxd5 15. Nxd5
Bxd5 16. Rf2 Nb6 17. Nc3 Be6 18. Bf1 Bf6 19. Rb1 Kh8 20. g4 g6 21. g5 Bg7 22.
h4 Rfd8 23. h5 Kg8 24. Rh2 Qf7 25. hxg6 hxg6 26. Qe1 Qd7 27. Bd2 Qc7 28. a4 Kf7
29. Rh7 Rh8 30. Rxh8 Bxh8 31. Nd1 Nd5 32. Nb2 b6 33. Nc4 Bg7 34. b4 axb4 35.
Bxb4 Rxa4 36. Bd6 Qd8 37. Be5 Qh8 38. Bxg7 Kxg7 39. Nxb6 Ra2 40. Bg2 Qh5 41.
Nxd5 Bxd5 42. Rb7+ Kg8 43. Rb8+ Kf7 44. Qb1 Rxg2+ 45. Kxg2 Qe2+ 46. Kh1 Qf3+
47. Kh2 Qf2+ 48. Kh1 Qf3+ 49. Kh2 Qf2+ 50. Kh1 Qf3+ 1/2-1/2

[Event "Copenhagen Chess Challenge 2016"]
[Site "Ballerup"]
[Date "2016.04.21"]
[Round "2"]
[White "Semcesen, Daniel"]
[Black "Haugli, Petter"]
[Result "1-0"]
[WhiteElo "2454"]
[BlackElo "2259"]
[PlyCount "103"]
[EventDate "2016.04.20"]
[EventType "swiss"]
[EventRounds "9"]
[EventCountry "DEN"]

1. d4 d5 2. c4 c6 3. Nf3 Nf6 4. Qb3 dxc4 5. Qxc4 Bf5 6. g3 e6 7. Bg2 Be7 8. O-O
O-O 9. e3 Nbd7 10. Qe2 Bg6 11. Rd1 Qc7 12. Nc3 b5 13. Ne1 b4 14. Na4 Bh5 15.
Bf3 Bxf3 16. Nxf3 Qa5 17. b3 Nb6 18. Nxb6 axb6 19. Bb2 Qb5 20. Qxb5 cxb5 21.
Rdc1 Rfc8 22. Rxc8+ Rxc8 23. Ne1 Ne4 24. Kf1 Ra8 25. Nd3 f6 26. Ke2 Kf7 27. f3
Nc3+ 28. Kd2 Rxa2 29. Rxa2 Nxa2 30. Nf4 Bd6 31. Ne2 h5 32. h3 f5 33. Kd3 g6 34.
e4 Bc7 35. Kc2 Bd6 36. e5 Be7 37. Kb1 Nc3+ 38. Bxc3 bxc3 39. Nxc3 b4 40. Ne2
Bg5 41. Kc2 Ke8 42. Kd3 Kd7 43. Kc4 Bd2 44. d5 b5+ 45. Kd4 exd5 46. Kxd5 Ke7
47. Nd4 Be1 48. g4 fxg4 49. fxg4 hxg4 50. hxg4 Bc3 51. Nxb5 Bd2 52. Nd4 1-0

[Event "Copenhagen Chess Challenge 2016"]
[Site "Ballerup"]
[Date "2016.04.21"]
[Round "2"]
[White "Hagen, Anders Gjerdrum"]
[Black "Getz, Nicolai"]
[Result "0-1"]
[WhiteElo "2262"]
[BlackElo "2408"]
[PlyCount "86"]
[EventDate "2016.04.20"]
[EventType "swiss"]
[EventRounds "9"]
[EventCountry "DEN"]

1. d4 Nf6 2. c4 e6 3. Nc3 Bb4 4. e3 O-O 5. Bd3 d5 6. Nf3 b6 7. cxd5 exd5 8. O-O
Bb7 9. a3 Bd6 10. b4 Nbd7 11. Qb3 a6 12. a4 Qe7 13. b5 axb5 14. Nxb5 c5 15.
Nxd6 Qxd6 16. dxc5 bxc5 17. Qc2 Rfe8 18. Rd1 d4 19. Be2 Ng4 20. h3 Be4 21. Qa2
Nge5 22. Nxe5 Nxe5 23. exd4 Qg6 24. Bf1 Nf3+ 25. Kh1 Qd6 26. gxf3 Bxf3+ 27. Bg2
Bxd1 28. Be3 Rxa4 29. Qb1 Rxa1 30. Qxa1 cxd4 31. Qxd1 dxe3 32. Qxd6 e2 33. Kh2
e1=Q 34. Qb6 Qe5+ 35. Kg1 Rb8 36. Qa6 h5 37. Qa2 g6 38. Bd5 Qf4 39. Qc2 Qg5+
40. Bg2 Qe5 41. Be4 Rb2 42. Qc4 Rd2 43. Qc6 Qd4 0-1

[Event "Copenhagen Chess Challenge 2016"]
[Site "Ballerup"]
[Date "2016.04.21"]
[Round "2"]
[White "Hoi, Carsten"]
[Black "Hove, Esben Kjems"]
[Result "1/2-1/2"]
[WhiteElo "2393"]
[BlackElo "2232"]
[PlyCount "45"]
[EventDate "2016.04.20"]
[EventType "swiss"]
[EventRounds "9"]
[EventCountry "DEN"]

1. c4 c6 2. e4 d5 3. exd5 cxd5 4. d4 Nf6 5. Nc3 e6 6. cxd5 Nxd5 7. Bd3 Nc6 8.
Nf3 Be7 9. O-O O-O 10. Re1 Nf6 11. Bg5 b6 12. Qe2 Bb7 13. Rad1 Nb4 14. Bb1 Nbd5
15. Ne5 Rc8 16. Qd3 g6 17. Nxd5 Qxd5 18. Qh3 Rc7 19. f3 Nh5 20. Bxe7 Rxe7 21.
Qh4 Rc7 22. Ng4 Qd8 23. Qf2 1/2-1/2

[Event "Copenhagen Chess Challenge 2016"]
[Site "Ballerup"]
[Date "2016.04.21"]
[Round "2"]
[White "Thorsbro, Peter"]
[Black "Englert, Fabian"]
[Result "0-1"]
[WhiteElo "2250"]
[BlackElo "2391"]
[PlyCount "102"]
[EventDate "2016.04.20"]
[EventType "swiss"]
[EventRounds "9"]
[EventCountry "DEN"]

1. d4 Nf6 2. c4 g6 3. Nc3 d5 4. Nf3 Bg7 5. cxd5 Nxd5 6. Bg5 c5 7. Rc1 Nxc3 8.
bxc3 O-O 9. e3 Qc7 10. Bd3 Nc6 11. O-O b6 12. Re1 e6 13. e4 Na5 14. e5 Bb7 15.
Be4 Rac8 16. Qe2 Qd7 17. Rcd1 cxd4 18. cxd4 Bd5 19. Qd2 Qb7 20. Bxd5 Qxd5 21.
Qf4 Rc2 22. Nd2 Qxa2 23. Ne4 Re2 24. Bh6 Qc2 25. Nf6+ Kh8 26. Bxg7+ Kxg7 27.
Ng4 Rc8 28. Qf6+ Kf8 29. Nh6 Rc7 30. d5 exd5 31. Qh8+ Ke7 32. Ng8+ Kd7 33. Nf6+
Kc6 34. Qa8+ Kb5 35. Nxd5 Rxe1+ 36. Rxe1 Rc5 37. Qe8+ Nc6 38. Nc7+ Ka4 39. Ra1+
Kb3 40. Qxf7+ Qc4 41. Qf3+ Qc3 42. Ne6 Qxf3 43. Nxc5+ bxc5 44. gxf3 c4 45. e6
c3 46. Ra6 Ne7 47. Rxa7 c2 48. Rb7+ Kc3 49. Rc7+ Kd3 50. Kg2 Nd5 51. e7 Nxc7
0-1

[Event "Copenhagen Chess Challenge 2016"]
[Site "Ballerup"]
[Date "2016.04.21"]
[Round "2"]
[White "Fries Nielsen, Jens Ove"]
[Black "Thuesen, Mogens Henrik"]
[Result "1-0"]
[WhiteElo "2389"]
[BlackElo "2209"]
[PlyCount "89"]
[EventDate "2016.04.20"]
[EventType "swiss"]
[EventRounds "9"]
[EventCountry "DEN"]

1. d4 d5 2. Nc3 Nf6 3. Bf4 e6 4. e3 Bd6 5. Bxd6 Qxd6 6. g4 h6 7. h4 c5 8. Bg2
cxd4 9. exd4 Nc6 10. Rh3 Qf4 11. g5 Ng8 12. Nce2 Qd6 13. Qd2 Nge7 14. f4 hxg5
15. hxg5 Rxh3 16. Bxh3 Bd7 17. Nf3 O-O-O 18. Ne5 Nxe5 19. fxe5 Qb6 20. O-O-O
Rh8 21. Qc3+ Kb8 22. Qf3 Be8 23. Bg4 a6 24. b3 Ka7 25. Kb2 Qc7 26. Rh1 Rxh1 27.
Qxh1 g6 28. Qf3 Nc6 29. c3 b5 30. b4 a5 31. a3 Nb8 32. Qf6 a4 33. Nc1 Nc6 34.
Nd3 Qe7 35. Kc2 Qxf6 36. gxf6 Nd8 37. Kd2 Kb6 38. Ke3 Nb7 39. Kf4 Kc6 40. Kg5
Kd7 41. Nf4 Kc6 42. Kh6 Nd8 43. Kg7 Bd7 44. Kf8 Kc7 45. Nh3 1-0

[Event "Copenhagen Chess Challenge 2016"]
[Site "Ballerup"]
[Date "2016.04.21"]
[Round "2"]
[White "Stigar, Petter"]
[Black "Matthiesen, Martin"]
[Result "0-1"]
[WhiteElo "2229"]
[BlackElo "2377"]
[PlyCount "68"]
[EventDate "2016.04.20"]
[EventType "swiss"]
[EventRounds "9"]
[EventCountry "DEN"]

1. Nf3 d5 2. d4 Nf6 3. c4 c6 4. Nc3 dxc4 5. a4 Bf5 6. e3 e6 7. Bxc4 Bb4 8. O-O
O-O 9. Qe2 Nbd7 10. e4 Bg4 11. Rd1 Qa5 12. h3 Bh5 13. e5 Nd5 14. Ne4 c5 15. Bb5
Qc7 16. Bxd7 Qxd7 17. dxc5 Qc7 18. g4 Bg6 19. Rd4 Bxc5 20. Nxc5 Qxc5 21. Be3
Nxe3 22. Qxe3 Rac8 23. Rad1 a5 24. h4 Qb6 25. h5 Bc2 26. h6 Qxb2 27. hxg7 Kxg7
28. Qg5+ Bg6 29. Qf6+ Kg8 30. Ng5 Rc1 31. Rxc1 Qxd4 32. Rc7 Qxg4+ 33. Kh2 Qh4+
34. Kg2 h6 0-1

[Event "Copenhagen Chess Challenge 2016"]
[Site "Ballerup"]
[Date "2016.04.21"]
[Round "2"]
[White "Haub, Thorsten Michael"]
[Black "Eriksson, Christian Altenburg"]
[Result "1/2-1/2"]
[WhiteElo "2359"]
[BlackElo "2195"]
[PlyCount "55"]
[EventDate "2016.04.20"]
[EventType "swiss"]
[EventRounds "9"]
[EventCountry "DEN"]

1. g3 c5 2. Bg2 Nc6 3. d3 g6 4. e4 Bg7 5. Nd2 d6 6. Ne2 e5 7. O-O Nge7 8. f4 f5
9. exf5 Nxf5 10. Nc4 O-O 11. c3 Be6 12. fxe5 dxe5 13. Be4 Qc7 14. a4 Nd6 15.
Nxd6 Qxd6 16. Be3 Rad8 17. Qc2 b6 18. Rxf8+ Rxf8 19. Rf1 Rxf1+ 20. Kxf1 Na5 21.
c4 Nc6 22. Nc3 Nd4 23. Qf2 Bh3+ 24. Kg1 Qd7 25. Bg2 Bf5 26. Be4 Bh3 27. Bg2 Bf5
28. Be4 1/2-1/2

[Event "Copenhagen Chess Challenge 2016"]
[Site "Ballerup"]
[Date "2016.04.21"]
[Round "2"]
[White "Andersen, Lars Ren"]
[Black "Thybo, Jesper Sondergaard"]
[Result "0-1"]
[WhiteElo "2194"]
[BlackElo "2358"]
[PlyCount "60"]
[EventDate "2016.04.20"]
[EventType "swiss"]
[EventRounds "9"]
[EventCountry "DEN"]

1. c4 e5 2. g3 Nc6 3. Bg2 Bc5 4. e3 a6 5. Ne2 d6 6. Nbc3 Ba7 7. d4 Nge7 8. O-O
O-O 9. d5 Nb8 10. e4 Nd7 11. a3 f5 12. exf5 Nf6 13. Be3 Bxe3 14. fxe3 Bxf5 15.
h3 Bd7 16. b4 Qe8 17. Qe1 Qg6 18. e4 Qh6 19. Qc1 Qh5 20. Kh2 Bxh3 21. Bxh3 Ng4+
22. Kg2 Rxf1 23. Kxf1 Qxh3+ 24. Ke1 Rf8 25. Kd2 Rf2 26. Kd3 Qg2 27. Qg5 Qf3+
28. Kd2 Kf8 29. Rg1 h6 30. Qh4 Qe3+ 0-1

[Event "Copenhagen Chess Challenge 2016"]
[Site "Ballerup"]
[Date "2016.04.21"]
[Round "2"]
[White "Haubro, Martin"]
[Black "Rendboe, John Filip"]
[Result "1-0"]
[WhiteElo "2345"]
[BlackElo "2179"]
[PlyCount "99"]
[EventDate "2016.04.20"]
[EventType "swiss"]
[EventRounds "9"]
[EventCountry "DEN"]

1. e4 c5 2. Nf3 Nc6 3. d4 cxd4 4. Nxd4 e5 5. Nb5 d6 6. c4 a6 7. N5c3 Nf6 8. Bd3
Be7 9. O-O O-O 10. b3 Nd4 11. Ne2 Ne6 12. Nbc3 Bd7 13. Ng3 g6 14. Re1 Nc5 15.
Bf1 Rb8 16. Bg5 Bc6 17. Qd2 Ne6 18. Bh6 Re8 19. h3 Ng7 20. Rad1 Nfh5 21. Nxh5
Nxh5 22. Nd5 Bxd5 23. Qxd5 Qc7 24. Qd2 Rbd8 25. Be3 Ng7 26. b4 f5 27. Bh6 Bf6
28. Bd3 f4 29. Bxg7 Kxg7 30. Be2 Bh4 31. Rc1 h5 32. Bf3 Qf7 33. Red1 Be7 34.
Qe2 Rh8 35. Rd5 Qe6 36. c5 dxc5 37. bxc5 Rc8 38. Qb2 Bf6 39. Qxb7+ Kh6 40. Rb1
Rh7 41. Qb6 Rc6 42. Qb8 Rh8 43. Qa7 Rh7 44. Rb7 Rxb7 45. Qxb7 Be7 46. Qa7 Bf8
47. Kh2 Qc8 48. Rd7 Bxc5 49. Rh7+ Kg5 50. Qg7 1-0

[Event "Copenhagen Chess Challenge 2016"]
[Site "Ballerup"]
[Date "2016.04.21"]
[Round "2"]
[White "Larsen, Preben R"]
[Black "Kristensen, Kaare Hove"]
[Result "0-1"]
[WhiteElo "1821"]
[BlackElo "2341"]
[PlyCount "118"]
[EventDate "2016.04.20"]
[EventType "swiss"]
[EventRounds "9"]
[EventCountry "DEN"]

1. e4 c5 2. Nf3 d6 3. d4 cxd4 4. Nxd4 Nf6 5. Nc3 a6 6. Be2 e5 7. Nb3 Be7 8. Be3
Be6 9. O-O Nbd7 10. Kh1 O-O 11. f3 Rc8 12. Qd2 Qc7 13. Rac1 Rfd8 14. Bd3 Nb6
15. Rfd1 d5 16. Bxb6 Qxb6 17. exd5 Nxd5 18. Nxd5 Bxd5 19. Qe2 Bg5 20. Rb1 Qh6
21. Be4 Bf4 22. g3 Bxe4 23. gxf4 Bc6 24. fxe5 Qf4 25. Kg1 Rxd1+ 26. Qxd1 Bxf3
27. Qd2 Qxe5 28. Re1 Qf5 29. Qf2 h6 30. Nd4 Qg4+ 31. Kf1 Bg2+ 32. Qxg2 Qxd4 33.
c3 Qc4+ 34. Kg1 Rc6 35. Qe4 Qxa2 36. Qe8+ Kh7 37. Re2 Rg6+ 38. Kf2 Qd5 39. Qe4
Qxe4 40. Rxe4 Re6 41. Rd4 f5 42. Kf3 Kg6 43. Rd7 b6 44. Kf4 Kf6 45. Rc7 g5+ 46.
Kf3 h5 47. b4 b5 48. Rc8 g4+ 49. Kf2 f4 50. Rh8 Kg5 51. Rg8+ Kh4 52. Rd8 Kh3
53. Rf8 f3 54. Rf5 h4 55. Kg1 Re1+ 56. Kf2 Re2+ 57. Kg1 Rg2+ 58. Kf1 Rxh2 59.
c4 Kg3 0-1

[Event "Copenhagen Chess Challenge 2016"]
[Site "Ballerup"]
[Date "2016.04.21"]
[Round "2"]
[White "Jacobsen, Mikkel Manosri"]
[Black "Christensen, Allan Toftegaard"]
[Result "1-0"]
[WhiteElo "2210"]
[BlackElo "1711"]
[PlyCount "53"]
[EventDate "2016.04.20"]
[EventType "swiss"]
[EventRounds "9"]
[EventCountry "DEN"]

1. d4 f5 2. Nc3 Nf6 3. Bg5 e6 4. e4 fxe4 5. Nxe4 Be7 6. Bxf6 Bxf6 7. Nf3 b6 8.
c3 Bb7 9. Qc2 Qe7 10. Bd3 g6 11. O-O-O Bg7 12. Rhe1 Na6 13. d5 O-O 14. dxe6
Bh6+ 15. Kb1 dxe6 16. h4 Bxe4 17. Bxe4 Rad8 18. h5 Rxd1+ 19. Rxd1 g5 20. Ne5
Nc5 21. Ng4 Nxe4 22. Qxe4 Bg7 23. g3 Re8 24. h6 Bh8 25. Qc6 Qf7 26. Kc1 Bf6 27.
Nxf6+ 1-0

[Event "Copenhagen Chess Challenge 2016"]
[Site "Ballerup"]
[Date "2016.04.21"]
[Round "2"]
[White "Jorgensen, Dennis"]
[Black "Christophersen, David"]
[Result "1-0"]
[WhiteElo "2201"]
[BlackElo "1764"]
[PlyCount "97"]
[EventDate "2016.04.20"]
[EventType "swiss"]
[EventRounds "9"]
[EventCountry "DEN"]

1. d4 Nf6 2. Nf3 g6 3. g3 Bg7 4. Bg2 O-O 5. O-O d6 6. c4 Nbd7 7. Nc3 c6 8. h3
Qc7 9. e4 e5 10. Be3 a6 11. Rc1 Rb8 12. Qd2 b5 13. cxb5 axb5 14. Rfd1 b4 15.
Nd5 Nxd5 16. exd5 exd4 17. Nxd4 c5 18. Nc6 Ra8 19. Bh6 Re8 20. Re1 Bb7 21. Bxg7
Kxg7 22. a3 bxa3 23. bxa3 Bxc6 24. dxc6 Ne5 25. Rcd1 Nxc6 26. Rxe8 Rxe8 27.
Qxd6 Qxd6 28. Rxd6 Re1+ 29. Bf1 Nd4 30. Kg2 Ra1 31. Bc4 Rxa3 32. Rd7 Rc3 33.
Rxf7+ Kh6 34. Bd5 Nf5 35. Rc7 Rc2 36. Bg8 Ng7 37. h4 Rb2 38. g4 c4 39. Kg3 Rb3+
40. f3 g5 41. Rc6+ Ne6 42. hxg5+ Kxg5 43. Bxe6 Re3 44. Bxc4 h6 45. Rc5+ Kf6 46.
Kf4 Re1 47. Rc6+ Kg7 48. Bd5 Rd1 49. Be4 1-0

[Event "Copenhagen Chess Challenge 2016"]
[Site "Ballerup"]
[Date "2016.04.21"]
[Round "2"]
[White "Andersen, Kim Nyvang"]
[Black "Andreasen, Joan Hendrik"]
[Result "0-1"]
[WhiteElo "1996"]
[BlackElo "2227"]
[PlyCount "86"]
[EventDate "2016.04.20"]
[EventType "swiss"]
[EventRounds "9"]
[EventCountry "DEN"]

1. d4 Nf6 2. c4 g6 3. Nc3 d5 4. cxd5 Nxd5 5. e4 Nxc3 6. bxc3 c5 7. Nf3 Bg7 8.
Rb1 O-O 9. Be2 b6 10. O-O Bb7 11. Qd3 cxd4 12. cxd4 Nd7 13. a4 Rc8 14. a5 b5
15. a6 Bxa6 16. Ra1 Bb7 17. Rxa7 Qb6 18. Ra2 b4 19. Rb2 Qe6 20. Ng5 Qd6 21. e5
Qd5 22. Qh3 h6 23. e6 Rxc1 24. exf7+ Rxf7 25. Nxf7 Rxf1+ 26. Bxf1 Kxf7 27. Rxb4
Kf8 28. Rb5 Qc6 29. d5 Qc7 30. Qe6 Nf6 31. d6 exd6 32. Qb3 Bc6 33. Rb8+ Be8 34.
Rb7 Qc5 35. Rb8 Qe5 36. h3 d5 37. Qb5 Kf7 38. Rb7+ Kg8 39. Qa5 Bf8 40. Qa7 Ne4
41. Qe3 Bc5 42. Qxh6 Bxf2+ 43. Kh1 Ng3+ 0-1

[Event "Copenhagen Chess Challenge 2016"]
[Site "Ballerup"]
[Date "2016.04.21"]
[Round "2"]
[White "Tandrup, Michael"]
[Black "Boe Olsen, Filip"]
[Result "0-1"]
[WhiteElo "1961"]
[BlackElo "2176"]
[PlyCount "52"]
[EventDate "2016.04.20"]
[EventType "swiss"]
[EventRounds "9"]
[EventCountry "DEN"]

1. c4 c6 2. d4 d5 3. e3 Nf6 4. Nc3 e6 5. Nf3 Nbd7 6. Bd3 dxc4 7. Bxc4 b5 8. Bd3
Bb7 9. O-O a6 10. b3 c5 11. dxc5 Nxc5 12. Be2 Be7 13. Qxd8+ Rxd8 14. Ba3 Nce4
15. Bb2 O-O 16. Nxe4 Nxe4 17. Rfd1 b4 18. Rac1 Rxd1+ 19. Bxd1 Bf6 20. Bxf6 gxf6
21. Be2 Nc3 22. Kf1 Rc8 23. Nd4 Kf8 24. f3 a5 25. Rc2 e5 26. Nb5 Nxe2 0-1

[Event "Copenhagen Chess Challenge 2016"]
[Site "Ballerup"]
[Date "2016.04.21"]
[Round "2"]
[White "Kabadayi, Can"]
[Black "Karlsson, Ulf"]
[Result "1/2-1/2"]
[WhiteElo "2174"]
[BlackElo "2026"]
[PlyCount "115"]
[EventDate "2016.04.20"]
[EventType "swiss"]
[EventRounds "9"]
[EventCountry "DEN"]

1. e4 c5 2. Nf3 Nc6 3. Bb5 e6 4. O-O Nge7 5. Re1 a6 6. Bf1 e5 7. c3 d6 8. h3
Ng6 9. d4 Be7 10. a4 O-O 11. Na3 Nh4 12. Nxh4 Bxh4 13. dxc5 dxc5 14. Qxd8 Rxd8
15. Be3 Be7 16. Bc4 Be6 17. Bxe6 fxe6 18. Rad1 Kf7 19. Kf1 Na5 20. Ke2 Ke8 21.
Rb1 Nc6 22. Red1 Rac8 23. Rd3 Rxd3 24. Kxd3 Rd8+ 25. Kc2 Rd7 26. Nc4 b5 27.
axb5 axb5 28. Na3 Rb7 29. Rd1 Na5 30. Nb1 Nc4 31. Bc1 Ra7 32. Rd3 Nd6 33. Nd2
c4 34. Rg3 Bh4 35. Rg4 Bf6 36. Rg3 Bh4 37. Rf3 Bg5 38. Nxc4 bxc4 39. Bxg5 Nxe4
40. Bc1 Ke7 41. Re3 Nxf2 42. Rxe5 Nd3 43. Re4 Nxc1 44. Kxc1 Rc7 45. Kc2 Kd6 46.
Rd4+ Kc5 47. Rd2 e5 48. Kd1 Rc6 49. Ke2 Rd6 50. Rxd6 Kxd6 51. Ke3 Kd5 52. h4 h5
53. Kf3 g6 54. Ke3 Kd6 55. Kd2 Kd5 56. Ke3 Kd6 57. Ke4 Ke6 58. g3 1/2-1/2

[Event "Copenhagen Chess Challenge 2016"]
[Site "Ballerup"]
[Date "2016.04.21"]
[Round "2"]
[White "Andersen, Daniel"]
[Black "Vasli, Aref"]
[Result "0-1"]
[WhiteElo "1956"]
[BlackElo "2164"]
[PlyCount "68"]
[EventDate "2016.04.20"]
[EventType "swiss"]
[EventRounds "9"]
[EventCountry "DEN"]

1. c4 Nf6 2. Nc3 g6 3. e4 d6 4. d4 Bg7 5. f4 O-O 6. Nf3 c5 7. d5 e6 8. dxe6
Bxe6 9. Bd3 Re8 10. O-O Bg4 11. h3 Bxf3 12. Qxf3 Nc6 13. Re1 a6 14. Be3 Rb8 15.
Rad1 Nd7 16. a4 Nd4 17. Qf2 Qb6 18. Rd2 Qb3 19. Ne2 Nxe2+ 20. Bxe2 Rxe4 21. Bf3
Re7 22. Rxd6 Rbe8 23. Kh2 Ne5 24. Bxc5 Ng4+ 25. hxg4 Rxe1 26. Qxe1 Rxe1 27.
Rd8+ Bf8 28. Bxf8 Qxa4 29. Bh6+ Re8 30. Rd4 Qb4 31. Rd7 Qe1 32. Bg5 h6 33. Bf6
Qe6 34. Rxf7 Kxf7 0-1